COMMUNITIES OF THE LAST DAYS; (Record no. 7348)
[ view plain ]
| 000 -LEADER | |
|---|---|
| fixed length control field | 00433nam a22001457a 4500 |
| 005 - DATE AND TIME OF LATEST TRANSACTION | |
| control field | 20250823105741.0 |
| 008 - FIXED-LENGTH DATA ELEMENTS--GENERAL INFORMATION | |
| fixed length control field | 250823b |||||||| |||| 00| 0 eng d |
| 020 ## - INTERNATIONAL STANDARD BOOK NUMBER | |
| International Standard Book Number | 9780851114675 |
| 050 ## - LIBRARY OF CONGRESS CALL NUMBER | |
| Classification number | BM487 |
| Item number | PAT |
| 100 ## - MAIN ENTRY--PERSONAL NAME | |
| Personal name | PATE MARVIN C. |
| 245 ## - TITLE STATEMENT | |
| Title | COMMUNITIES OF THE LAST DAYS; |
| Remainder of title | THE DEAD SEA SCROLLS, THE NEW TESTAMENT AND THE STORY OF ISRAEL |
| 260 ## - PUBLICATION, DISTRIBUTION, ETC. | |
| Place of publication, distribution, etc. | APOLLOS |
| Name of publisher, distributor, etc. | INTERVARSITY PRESS |
| Date of publication, distribution, etc. | c2001 |
| 300 ## - PHYSICAL DESCRIPTION | |
| Extent | 303p |
| 942 ## - ADDED ENTRY ELEMENTS (KOHA) | |
| Source of classification or shelving scheme | Library of Congress Classification |
| Koha item type | Books |
| Suppress in OPAC | No |
| 999 ## - | |
| -- | 7348 |
| -- | 7348 |
| Withdrawn status | Lost status | Source of classification or shelving scheme | Damaged status | Not for loan | Collection | Home library | Current library | Shelving location | Date acquired | Total checkouts | Full call number | Barcode | Date last seen | Copy number | Price effective from | Koha item type |
|---|---|---|---|---|---|---|---|---|---|---|---|---|---|---|---|---|
| Library of Congress Classification | Reference | Undergraduate Library (Christ Temple) | Undergraduate Library (Christ Temple) | General stacks | 08/23/2025 | BM487 PAT | ulct00004436 | 08/23/2025 | 1 | 08/23/2025 | Books | |||||
| Library of Congress Classification | Reference | Undergraduate Library (Christ Temple) | Undergraduate Library (Christ Temple) | General stacks | 08/23/2025 | BM487 PAI | ulct00004448 | 08/23/2025 | 1 | 08/23/2025 | Books |